000 00587nam a2200205Ia 4500
005 20250923144935.0
008 008 250917s9999 xx 000 0 eng d
037 _aTextual
040 _aDSWL
_beng
_cDSWL
041 _aeng
_2eng
084 _aY131:7:7.2.N6, K3.1
_qDSWL
100 _aLal, Ramavatar
_9830066
245 0 _aCommunity development
_cby Ramavatar Lal
260 _aCalcutta
_bRockland Pvt.Ltd.
_c1963
300 _aXX,439 p.
365 _aINR
_b20
925 _g20
942 _cTEXL
_hY131:7:7.2.N6, K3.1
999 _c1445198
_d1445198